Responses for Show #5575 - Friday, November 28, 2008

Contestants

[<< previous game]

Kyle Holtan, an online editor from Los Angeles, California

Rose Pate, a high school librarian from Pittsboro, North Carolina

Peter Pinnow, a high school English teacher from Oxford, Mississippi (whose 1-day cash winnings total $12,800)

[next game >>]

Jeopardy! Round responses

WORLD TRAVEL
1983: THE YEAR IN ENTERTAINMENT
WOMEN "R" US
ADDICTIONARY
SOUNDS OF MADISON AVE.
ARLINGTON NATIONAL CEMETERY
(Jimmy: Where we receive the fallen in sorrow and take the honored to rest.)
    $200 11
Rome

Peter
    $200 14
Thriller

Rose
    $200 17
Sally Ride

Kyle
    $200 24
a hook (or hooked)

Kyle
    $200 4
Intel

Rose
    $200 1
Jacqueline Kennedy

Triple Stumper
    $400 12
(Rose: What is Algeria?)
(Kyle: What is Tunisia?)

Morocco

RoseKyle
Triple Stumper
    $400 18
Diff'rent Strokes

Peter
    $400 20
J.K. Rowling

Rose
    $400 25
a withdrawal

Rose
    $400 5
Staples

Kyle
    $400 2
World War I, World War II, and the Korean War

Peter
    $600 13
(Peter: What is Brunei?)

Oman

Peter
Triple Stumper
    $600 19
The Big Chill

Rose
    $600 21
Janet Reno

Peter
    $600 28
(Rose: What is standard?)
...
(Alex: Remember, this is all about addicts. An addictionary.)

dependent

RoseKyle
    $600 6
Mazda

Kyle
    $600 3
the Pentagon

Kyle
    $800 15
the Trans-Siberian Railway

Rose
    $800 22
Elizabeth Taylor & Richard Burton

Triple Stumper
    $800 26
(Cokie) Roberts

Kyle
    $800 29
an intervention

Kyle
    $800 7
"What's in your wallet?"

Peter
    $800 8
the Challenger

Kyle
    $1000 16
(Rose: Who is...Elgar?)
...
(Alex: Thinking of Finland...)

Jean Sibelius

Rose
Triple Stumper
    $1000 23
The Thorn Birds

Kyle
    $1000 27
Rosie the Riveter

Peter
    $1000 30
rehabilitation

Peter
    $1000 10
GEICO

Peter
    $1000 9
Lockerbie

Kyle

Scores at the first commercial break (after clue 13):

Peter Rose Kyle
$1,800 -$200 $3,000

Scores at the end of the Jeopardy! Round:

Peter Rose Kyle
$4,800 $600 $6,600

Double Jeopardy! Round responses

STEELY DAN
HEY 19
REELIN' IN THE YEARS
PRETZEL LOGIC
DEACON BLUES
"F.M."
    $400 3
a gaucho

Rose
    $400 8
Genesis

Peter
    $1,500 7
(Rose: What is 2000?)
(Alex: No. It was [*], man's landing on the Moon. Armstrong and Buzz Aldrin were there. Michael Collins was still all by himself up in space.)

1969

Rose
    $400 21
salt

Rose
    $400 1
the Church of England

Kyle
    $400 2
(Peter: What is a fax modem?)

a fax machine

PeterKyle
    $800 6
Rikki

Rose
    $800 15
Ontario

Peter
    $800 9
(Peter: What is 1776?)
(Rose: What is 1775?)
...
(Alex: 1776 was the title of the musical but [*] was the year of the battles.)

1777

PeterRose
Triple Stumper
    $800 22
Lent

Kyle
    $800 4
Benedict VI

Peter
    $800 27
[The end-of-round signal sounds.]

a facemask

Rose
    $1200 13
(Mark) Knopfler

Kyle
    $1200 16
Product 19

Rose
    $1200 10
1901

Peter
    $1200 26
Seinfeld

Peter
    $1200 5
(Rose: What are songs?)
(Alex: Be more specific.)
(Rose: What are psalms?)
[originally ruled incorrect]

hymns (or psalms)

RoseKyle
    $1600 14
(Kyle: Who is Donald Feldman?)

(Donald) Fagen (or Walter Becker)

PeterKyle
    $1600 17
Marie Antoinette

Peter
    $1600 11
(Rose: What is 1861?)

1860

PeterRose
    $1600 25
(Alex: Little [*].)

arms

Triple Stumper
    $1600 19
Venice

Peter
    $2000 23
Naked Lunch

Kyle
    $2000 18
(Alex: And he was [*].)

Sergei Rachmaninoff

Triple Stumper
    $2000 12
1986

Kyle
    $2000 24
an ice cream cone

Rose
    $3,000 20
(Alex: With a minute to go.)

the Hagia Sophia

Peter

Scores at the end of the Double Jeopardy! Round:

Peter Rose Kyle
$17,400 $3,500 $13,000

[wagering suggestions for these scores]

Final Jeopardy! Round responses

19th CENTURY NOVELS
RoseWhat is Vanity Fair?
$3,500
KyleWhat is The Jungle?
$4,500
PeterWhat is Vanity Fair?
$9,000
Vanity Fair

Final scores:

Peter Rose Kyle
$26,400 $7,000 $8,500
2-day champion: $39,200 3rd place: $1,000 2nd place: $2,000

Game dynamics:

Coryat scores:

Peter Rose Kyle
$16,400 $5,000 $13,000
18 R
(including 1 DD),
3 W
13 R
(including 1 DD),
6 W
(including 1 DD)
18 R,
2 W

Combined Coryat: $34,400

[game clues] [game scores] [suggest correction]

Game tape date: 2008-09-26
The J! Archive is created by fans, for fans. Scraping, republication, monetization, and malicious use prohibited; this site may use cookies and collect identifying information. See terms. The Jeopardy! game show and all elements thereof, including but not limited to copyright and trademark thereto, are the property of Jeopardy Productions, Inc. and are protected under law. This website is not affiliated with, sponsored by, or operated by Jeopardy Productions, Inc. Join the discussion at JBoard.tv.